भारतेन्दु - युग और हिन्दी भाषा की विकास - परम्परा (Record no. 115913)

MARC details
000 -LEADER
fixed length control field 01076nam a2200265Ia 4500
003 - CONTROL NUMBER IDENTIFIER
control field OSt
005 - DATE AND TIME OF LATEST TRANSACTION
control field 20220918110938.0
008 - FIXED-LENGTH DATA ELEMENTS--GENERAL INFORMATION
fixed length control field 220915b |||||||| |||| 00| 0 hin d
020 ## - INTERNATIONAL STANDARD BOOK NUMBER
International Standard Book Number 9788126712571 (hbk)
037 ## - SOURCE OF ACQUISITION
Terms of availability Reference Collections
040 ## - CATALOGING SOURCE
Original cataloging agency ARTS
Transcribing agency ARTS
Language of cataloging hin
041 ## - LANGUAGE CODE
Source of code hin
Language code of text/sound track or separate title hin
100 ## - MAIN ENTRY--PERSONAL NAME
Personal name शर्मा, रामविलास
9 (RLIN) 1722
245 #0 - TITLE STATEMENT
Title भारतेन्दु - युग और हिन्दी भाषा की विकास - परम्परा
246 ## - VARYING FORM OF TITLE
Title proper/short title Bhāratendu - yug aur hindī bhāṣhā kī vikās - paramparā
260 ## - PUBLICATION, DISTRIBUTION, ETC.
Place of publication, distribution, etc. नई दिल्ली
Name of publisher, distributor, etc. राजकमल प्रकाशन भारत
Date of publication, distribution, etc. 1975
300 ## - PHYSICAL DESCRIPTION
Extent 352पृ0
650 ## - SUBJECT ADDED ENTRY--TOPICAL TERM
Topical term or geographic name entry element हिन्दी साहित्य
942 ## - ADDED ENTRY ELEMENTS (KOHA)
Classification part O152vM, L5(RR)
Koha item type Reference
Holdings
Withdrawn status Lost status Damaged status Not for loan Home library Current library Date acquired Source of acquisition Cost, normal purchase price Total Checkouts Full call number Barcode Date last seen Cost, replacement price Price effective from Koha item type
        Arts Library Arts Library 2022-09-18 272, 16/12/2011, Vani Prakashan 700.00   O152vM L5(RR) AL1297395 2022-09-18 700.00 2022-09-18 Reference
Copyright @ Delhi University Library System